[Event "GER-ch Blitz (Women)"]
[Site "Magdeburg"]
[Date "2021.08.01"]
[Round "13"]
[White "Muetsch, Annmarie"]
[Black "Schlueter, Sabrina"]
[Result "1-0"]
[WhiteElo "2259"]
[BlackElo "1790"]
[PlyCount "56"]
[EventDate "2021.08.01"]
[EventType "tourn (blitz)"]
[EventRounds "21"]
[EventCountry "GER"]
[SourceTitle "CBM 203 Extra"]
[Source "ChessBase"]
[SourceDate "2021.09.30"]
[SourceVersion "1"]
[SourceVersionDate "2021.09.30"]
[SourceQuality "1"]

1. e4 c6 2. Ne2 g6 3. d4 Bg7 4. Nbc3 d5 5. e5 Bg4 6. f3 Bf5 7. Ng3 Qc8 8. Nxf5 Qxf5 9. Bd3 Qd7 10. Ne2 f6 11. f4 Nh6 12. 0-0 0-0 13. Ng3 f5 14. Qe2 e6 15. Kh1 Qe7 16. Qe1 Nd7 17. Be3 Rac8 18. c4 dxc4 19. Bxc4 Nb6 20. Be2 Rfd8 21. Bg1 Nd5 22. Bd1 Bf8 23. a3 Qh4 24. Ne2 Qxe1 25. Rxe1 Ng4 26. Nc3 Nh6 27. g3 Nf7 28. Bb3 Ra8 1-0

[Event "GER-ch Blitz (Women)"]
[Site "Magdeburg"]
[Date "2021.08.01"]
[Round "4"]
[White "Noll, Sonja"]
[Black "Schlueter, Sabrina"]
[Result "0-1"]
[WhiteElo "1733"]
[BlackElo "1790"]
[PlyCount "110"]
[EventDate "2021.08.01"]
[EventType "tourn (blitz)"]
[EventRounds "21"]
[EventCountry "GER"]
[SourceTitle "CBM 203 Extra"]
[Source "ChessBase"]
[SourceDate "2021.09.30"]
[SourceVersion "1"]
[SourceVersionDate "2021.09.30"]
[SourceQuality "1"]

1. e4 c6 2. Nf3 g6 3. c3 Bg7 4. d4 d5 5. e5 Bg4 6. h3 Bxf3 7. Qxf3 f6 8. exf6 exf6 9. Bd3 Ne7 10. 0-0 0-0 11. Be3 Nd7 12. Nd2 Re8 13. Rfe1 Qb6 14. b3 a5 15. c4 Rad8 16. c5 Qc7 17. Bf4 Qc8 18. Re2 f5 19. Be3 Nf6 20. Rae1 Ne4 21. Bxe4 fxe4 22. Qg3 Nf5 23. Qg4 Nxd4 24. Qxc8 Rxc8 25. Bxd4 Bxd4 26. Kf1 Bxc5 27. f3 Rf8 28. g4 Bb4 29. Kg2 exf3+ 30. Nxf3 Bxe1 31. Rxe1 Rce8 32. Rc1 Re2+ 33. Kg3 Rxa2 34. Re1 Rb2 35. Nd4 Ra2 36. Re7 Rf7 37. Re8+ Rf8 38. Re7 c5 39. Ne6 Rff2 40. Rxb7 c4 41. bxc4 dxc4 42. Rb8+ Kf7 43. Ng5+ Kf6 44. Nxh7+ Ke5 45. Re8+ Kd4 46. Ng5 Rg2+ 47. Kh4 c3 48. Re4+ Kc5 49. Re8 c2 50. Ne4+ Kb4 51. Rc8 Ra1 52. Kg5 c1Q+ 53. Rxc1 Rxc1 54. h4 Rc4 55. Nf6 a4 0-1

[Event "GER-ch Blitz (Women)"]
[Site "Magdeburg"]
[Date "2021.08.01"]
[Round "8"]
[White "Schlueter, Sabrina"]
[Black "Paehtz, Elisabeth"]
[Result "0-1"]
[WhiteElo "1790"]
[BlackElo "2466"]
[PlyCount "59"]
[EventDate "2021.08.01"]
[EventType "tourn (blitz)"]
[EventRounds "21"]
[EventCountry "GER"]
[SourceTitle "CBM 203 Extra"]
[Source "ChessBase"]
[SourceDate "2021.09.30"]
[SourceVersion "1"]
[SourceVersionDate "2021.09.30"]
[SourceQuality "1"]

1. c4 b6 2. Nc3 Bb7 3. d4 e6 4. Nf3 Bb4 5. Bd2 f5 6. e3 Nf6 7. Be2 0-0 8. 0-0 Qe7 9. a3 Bxc3 10. Bxc3 Ne4 11. Qc2 d6 12. Rad1 Nd7 13. b4 Ng5 14. Nxg5 Qxg5 15. d5 Nf6 16. Bf3 e5 17. e4 fxe4 18. Bxe4 Nxe4 19. Qxe4 Rf4 20. Qe3 Ba6 21. b5 Bc8 22. Bd2 Qf6 23. Qd3 Rd4 24. Qc3 Bd7 25. Be3 Rg4 26. Bc1 Rf8 27. Rd3 Qg6 28. Bd2 Rxg2+ 29. Kh1 Rg4 30. Rg3 0-1

[Event "GER-ch Blitz (Women)"]
[Site "Magdeburg"]
[Date "2021.08.01"]
[Round "3"]
[White "Schlueter, Sabrina"]
[Black "Ries, Jutta"]
[Result "0-1"]
[WhiteElo "1790"]
[BlackElo "1976"]
[PlyCount "58"]
[EventDate "2021.08.01"]
[EventType "tourn (blitz)"]
[EventRounds "21"]
[EventCountry "GER"]
[SourceTitle "CBM 203 Extra"]
[Source "ChessBase"]
[SourceDate "2021.09.30"]
[SourceVersion "1"]
[SourceVersionDate "2021.09.30"]
[SourceQuality "1"]

1. c4 Nf6 2. Nc3 c5 3. g3 Nc6 4. Bg2 g6 5. Nf3 Bg7 6. 0-0 0-0 7. d3 d6 8. Bg5 Bd7 9. Qd2 Re8 10. h3 a6 11. a3 Rb8 12. Rac1 b5 13. cxb5 axb5 14. Kh2 b4 15. axb4 Rxb4 16. Ne1 Qb8 17. Rb1 Nd4 18. Bxf6 exf6 19. e3 Nb3 20. Qc2 Na5 21. Nd5 Bc6 22. Nxb4 Bxg2 23. Nxg2 Qxb4 24. Qc3 Qb6 25. Nf4 f5 26. Qc2 Qb7 27. Qd2 Nc6 28. Nd5 Ne5 29. Qe2 Qxd5 0-1

[Event "GER-ch Blitz (Women)"]
[Site "Magdeburg"]
[Date "2021.08.01"]
[Round "20"]
[White "Schlueter, Sabrina"]
[Black "Zimmer, Elke"]
[Result "1-0"]
[WhiteElo "1790"]
[BlackElo "1910"]
[PlyCount "61"]
[EventDate "2021.08.01"]
[EventType "tourn (blitz)"]
[EventRounds "21"]
[EventCountry "GER"]
[SourceTitle "CBM 203 Extra"]
[Source "ChessBase"]
[SourceDate "2021.09.30"]
[SourceVersion "1"]
[SourceVersionDate "2021.09.30"]
[SourceQuality "1"]

1. c4 e5 2. Nc3 Nf6 3. g3 c6 4. Bg2 d5 5. cxd5 cxd5 6. Nf3 Nc6 7. 0-0 a6 8. d3 Bc5 9. Bg5 h6 10. Bxf6 gxf6 11. a3 Be6 12. b4 Ba7 13. Rc1 Qd7 14. Na4 Rc8 15. Nc5 Bxc5 16. Rxc5 Bh3 17. Qc1 Bxg2 18. Kxg2 d4 19. Nd2 h5 20. Ne4 Qe6 21. h4 Rg8 22. Rc2 Ke7 23. Nc5 Qg4 24. Kh2 Rc7 25. Nxa6 Rcc8 26. Nc5 f5 27. Rg1 f4 28. Ne4 fxg3+ 29. fxg3 Rg6 30. Qf1 f5 31. Nf2 1-0

[Event "GER-ch Blitz (Women)"]
[Site "Magdeburg"]
[Date "2021.08.01"]
[Round "11"]
[White "Stangl, Anita"]
[Black "Schlueter, Sabrina"]
[Result "1-0"]
[WhiteElo "2005"]
[BlackElo "1790"]
[PlyCount "67"]
[EventDate "2021.08.01"]
[EventType "tourn (blitz)"]
[EventRounds "21"]
[EventCountry "GER"]
[SourceTitle "CBM 203 Extra"]
[Source "ChessBase"]
[SourceDate "2021.09.30"]
[SourceVersion "1"]
[SourceVersionDate "2021.09.30"]
[SourceQuality "1"]

1. e4 c6 2. d4 g6 3. Nf3 Bg7 4. Nc3 d5 5. e5 Bg4 6. h3 Bxf3 7. Qxf3 f6 8. exf6 exf6 9. Be3 Ne7 10. Bd3 0-0 11. 0-0 Nd7 12. Rfe1 f5 13. Bg5 Nf6 14. Qe3 Nc8 15. Na4 b6 16. Qe6+ Kh8 17. Qxc6 Ne7 18. Qb7 Rf7 19. Nc3 Ne4 20. Bxe7 Rxe7 21. Qxd5 Rd7 22. Qb5 Nd6 23. Qa4 Re7 24. Re2 Rxe2 25. Bxe2 Qh4 26. Rd1 Rd8 27. Bf3 g5 28. Qc6 g4 29. Qc7 gxf3 30. gxf3 Qg5+ 31. Kf1 Qf6 32. Nd5 Qg5 33. f4 Qh4 34. Ne7 1-0

[Event "DSOL 05 Liga Gr-D 1st"]
[Site "Playchess.com INT"]
[Date "2020.07.28"]
[Round "6.3"]
[White "Stegemann, Sven"]
[Black "Schlueter, Sabrina"]
[Result "1-0"]
[WhiteElo "1537"]
[BlackElo "1659"]
[PlyCount "141"]
[EventDate "2020.06.22"]
[EventType "team-tourn (rapid)"]
[EventCountry "GER"]
[SourceTitle "EXT 2021"]
[Source "ChessBase"]
[SourceDate "2020.10.23"]
[SourceVersion "1"]
[SourceVersionDate "2020.10.23"]
[SourceQuality "1"]
[WhiteTeam "Billerbeck Tuerme"]
[BlackTeam "Segeberg SF II"]
[WhiteTeamCountry "GER"]
[BlackTeamCountry "GER"]

1. e4 c6 2. Nf3 g6 3. d4 Bg7 4. Be3 d5 5. e5 Bg4 6. Nbd2 f6 7. exf6 exf6 8. Bd3 Ne7 9. 0-0 0-0 10. Re1 Nd7 11. c3 Re8 12. Qc2 Bxf3 13. Nxf3 Qc7 14. Re2 Nc8 15. Rae1 Ncb6 16. Qc1 Nf8 17. h4 Qd7 18. h5 g5 19. Qc2 Re7 20. Bf5 Qc7 21. b3 Rae8 22. Nh2 Nc8 23. Ng4 Nd6 24. Bd3 h6 25. Bc1 Rxe2 26. Rxe2 Rxe2 27. Qxe2 Qf7 28. Ba3 Nc8 29. Ne3 Nd7 30. Bg6 Qe6 31. Bf5 Qe8 32. Qd3 Bf8 33. Bxf8 Nxf8 34. Ng4 Kg7 35. Qe3 Qxe3 36. Nxe3 Nd6 37. Bd3 Ne6 38. Nf5+ Nxf5 39. Bxf5 Nf4 40. Bc8 b6 41. Bb7 c5 42. dxc5 bxc5 43. Kf1 d4 44. cxd4 cxd4 45. g4 Kf7 46. Ke1 Ke6 47. Kd2 Ke5 48. f3 f5 49. a4 fxg4 50. fxg4 Ne6 51. b4 Kf4 52. Bc8 Nc7 53. Kd3 Ke5 54. Kc4 Nd5 55. b5 Ne3+ 56. Kd3 Kd5 57. a5 Kc5 58. b6 axb6 59. axb6 Kxb6 60. Kxd4 Nc2+ 61. Ke5 Kc7 62. Bf5 Ne3 63. Kf6 Kd6 64. Kg6 Ke5 65. Kxh6 Nxf5+ 66. Kxg5 Nd6 67. h6 Nf7+ 68. Kg6 Ke6 69. h7 Ke7 70. Kg7 Ke6 71. g5 1-0

[Event "DSOL 05 Liga Gr-D 1st"]
[Site "Playchess.com INT"]
[Date "2020.07.10"]
[Round "3.2"]
[White "Brumund, Jan Ole"]
[Black "Schlueter, Sabrina"]
[Result "0-1"]
[WhiteElo "1082"]
[BlackElo "1659"]
[PlyCount "124"]
[EventDate "2020.06.22"]
[EventType "team-tourn (rapid)"]
[EventCountry "GER"]
[SourceTitle "EXT 2021"]
[Source "ChessBase"]
[SourceDate "2020.10.23"]
[SourceVersion "1"]
[SourceVersionDate "2020.10.23"]
[SourceQuality "1"]
[WhiteTeam "Verden"]
[BlackTeam "Segeberg SF II"]
[WhiteTeamCountry "GER"]
[BlackTeamCountry "GER"]

1. Nf3 c6 2. c4 g6 3. g3 Bg7 4. Bg2 d5 5. d4 Nf6 6. b3 0-0 7. 0-0 Bg4 8. Nc3 Bxf3 9. Bxf3 e6 10. Bf4 Nbd7 11. Bd6 Re8 12. Bb4 Nb6 13. e3 dxc4 14. bxc4 Nxc4 15. Be2 Nd6 16. Rb1 b6 17. Bf3 Nd5 18. Nxd5 cxd5 19. Be2 Qd7 20. Ba3 Rec8 21. Ba6 Rc7 22. Qd3 Bf8 23. Bb5 Nxb5 24. Bxf8 Nc3 25. Rbc1 Nxa2 26. Rxc7 Qxc7 27. Bh6 Nb4 28. Qd2 Qe7 29. Rc1 a5 30. Qc3 Qd7 31. Qd2 Rc8 32. Rb1 Rc2 33. Qd1 Qc6 34. Bg5 Kg7 35. Qf3 f5 36. Qf4 Nd3 37. Bh6+ Kf7 38. Qg5 Rc1+ 39. Rxc1 Qxc1+ 40. Kg2 Qc7 41. e4 dxe4 42. Qd2 Qc6 43. Qa2 e3+ 44. d5 Qxd5+ 45. Qxd5 exd5 46. Bxe3 b5 47. Kf3 b4 48. Ke2 Ne5 49. f4 Nc4 50. Bc5 Ke6 51. Bd4 Nd6 52. h3 Nb5 53. Bb2 d4 54. Kd3 Kd5 55. Kc2 a4 56. Kd3 Nc3 57. g4 a3 58. Ba1 b3 59. Bxc3 dxc3 60. Kxc3 b2 61. Kc2 Ke4 62. Kb1 fxg4 0-1

[Event "GER-ch Net Amateur Gr-B Vor3"]
[Site "Playchess.com INT"]
[Date "2020.04.16"]
[Round "1"]
[White "Goetz, Timon"]
[Black "Schlueter, Sabrina"]
[Result "1/2-1/2"]
[WhiteElo "1447"]
[BlackElo "1654"]
[PlyCount "132"]
[EventDate "2020.04.16"]
[EventType "swiss (blitz)"]
[EventRounds "9"]
[EventCountry "GER"]
[SourceTitle "CBM 195 Extra"]
[Source "ChessBase"]
[SourceDate "2020.05.31"]
[SourceVersion "1"]
[SourceVersionDate "2020.05.31"]
[SourceQuality "1"]

1. c4 c6 2. g3 g6 3. Bg2 Bg7 4. Nc3 Nf6 5. b3 d5 6. cxd5 cxd5 7. Bb2 0-0 8. e3 Bg4 9. f3 Bc8 10. Nge2 Nc6 11. 0-0 Be6 12. f4 Qd7 13. Rf2 Rfd8 14. Qc2 a6 15. Raf1 d4 16. exd4 Nxd4 17. Nxd4 Qxd4 18. h3 Qd7 19. Kh2 Nd5 20. Nxd5 Bxd5 21. Bxg7 Kxg7 22. Bxd5 Qxd5 23. Qc3+ f6 24. Re2 Rd7 25. Rfe1 Re8 26. Qb4 Kf7 27. Qc4 Qxc4 28. bxc4 Red8 29. Rd1 Rd3 30. Kg2 Rc8 31. Rde1 Rc7 32. Kf2 Rcd7 33. Rd1 R7d4 34. Rde1 Rd7 35. Rd1 Rc7 36. Re4 Ra3 37. Ra1 Rd7 38. d4 Ra4 39. d5 Rc7 40. Rae1 Rxa2+ 41. Kf3 Ra3+ 42. Kf2 b5 43. c5 Rd3 44. d6 Rxd6 45. cxd6 exd6 46. Rd1 Rc6 47. Red4 Ke6 48. Ke3 f5 49. Kd3 a5 50. Re1+ Kf6 51. Kd2 h6 52. Rd3 g5 53. fxg5+ hxg5 54. Rde3 d5 55. Kd3 Rc4 56. Re6+ Kf7 57. Re7+ Kf8 58. Re8+ Kf7 59. R8e7+ Kf8 60. Re8+ Kf7 61. R1e7+ Kf6 62. Re6+ Kf7 63. R8e7+ Kf8 64. Re8+ Kf7 65. R6e7+ Kf6 66. Re6+ Kf7 1/2-1/2

[Event "GER-ch Net Amateur Gr-B Vor2"]
[Site "Playchess.com INT"]
[Date "2020.04.15"]
[Round "2"]
[White "Schlueter, Sabrina"]
[Black "Kosovska, Olena"]
[Result "0-1"]
[WhiteElo "1571"]
[BlackElo "1706"]
[PlyCount "118"]
[EventDate "2020.04.15"]
[EventType "swiss (blitz)"]
[EventRounds "9"]
[EventCountry "GER"]
[SourceTitle "CBM 196 Extra"]
[Source "ChessBase"]
[SourceDate "2020.07.31"]
[SourceVersion "1"]
[SourceVersionDate "2020.07.31"]
[SourceQuality "1"]

1. e4 e5 2. Nf3 Nc6 3. Bb5 a6 4. Bxc6 dxc6 5. 0-0 Bg4 6. h3 Bh5 7. d3 Bd6 8. Nc3 Ne7 9. Bg5 Qd7 10. a3 h6 11. Bh4 g5 12. Bg3 0-0-0 13. b4 g4 14. Nxe5 Bxe5 15. Bxe5 Rhg8 16. h4 Ng6 17. Bf6 Rde8 18. g3 Ne5 19. Bxe5 Rxe5 20. Ne2 f5 21. exf5 Rxf5 22. d4 Rgf8 23. c3 Bf7 24. Nc1 Rf3 25. Qd2 Bc4 26. Ne2 Qd6 27. Kg2 Rd3 28. Qc2 Qd5+ 29. Kg1 Rdf3 30. Rae1 Bd3 31. Qd2 Qc4 32. Kg2 h5 33. Nc1 Bxf1+ 34. Rxf1 Rxc3 35. Ne2 Rxa3 36. Nf4 Qb3 37. Re1 Qf3+ 38. Kh2 Kb8 39. Re3 Rxe3 40. Qxe3 Qxe3 41. fxe3 Rf5 42. Kg2 Ka7 43. e4 Rb5 44. Kf2 Rxb4 45. d5 cxd5 46. exd5 Rd4 47. Nxh5 Rxd5 48. Nf6 Rf5+ 49. Ke3 Rxf6 50. h5 Rf3+ 51. Ke4 Rxg3 52. Kf4 Rh3 53. Kxg4 Rh1 54. Kg5 a5 55. h6 a4 56. Kg6 a3 57. h7 a2 58. Kg7 a1Q+ 59. Kg8 Rg1+ 0-1

[Event "GER-ch Net Amateur Gr-B Vor2"]
[Site "Playchess.com INT"]
[Date "2020.04.15"]
[Round "5"]
[White "Schmaelzle, Harald"]
[Black "Schlueter, Sabrina"]
[Result "0-1"]
[WhiteElo "1670"]
[BlackElo "1615"]
[PlyCount "152"]
[EventDate "2020.04.15"]
[EventType "swiss (blitz)"]
[EventRounds "9"]
[EventCountry "GER"]
[SourceTitle "CBM 196 Extra"]
[Source "ChessBase"]
[SourceDate "2020.07.31"]
[SourceVersion "1"]
[SourceVersionDate "2020.07.31"]
[SourceQuality "1"]

1. d4 d5 2. Nf3 c6 3. Bf4 Nf6 4. e3 Bf5 5. Bd3 Bxd3 6. Qxd3 e6 7. c3 Be7 8. Nbd2 0-0 9. 0-0 Nbd7 10. Rfe1 c5 11. h3 cxd4 12. cxd4 Rc8 13. Rac1 Qb6 14. Qb3 Qxb3 15. Nxb3 Ne4 16. Nfd2 b6 17. Nxe4 dxe4 18. Nd2 f5 19. Nc4 Rc6 20. Ne5 Nxe5 21. Bxe5 Rfc8 22. Rxc6 Rxc6 23. Re2 Kf7 24. Kh2 g5 25. Kg3 h5 26. Rd2 a6 27. f3 Bb4 28. Re2 exf3 29. Kxf3 h4 30. g3 hxg3 31. Bxg3 Be7 32. Rd2 Bf6 33. b3 Rc1 34. Bf2 Be7 35. Re2 Bd6 36. Bg3 Bb4 37. Kg2 b5 38. Kf3 a5 39. Kg2 Be7 40. Be1 Bd8 41. Bf2 Rc3 42. Rd2 a4 43. bxa4 bxa4 44. Kf1 Ba5 45. Ke2 Rc1 46. Rb2 Rh1 47. Rb5 Bd8 48. Rb8 Be7 49. e4 Rxh3 50. exf5 exf5 51. Ra8 Ra3 52. d5 Rxa2+ 53. Kf3 Rd2 54. Ra7 Kf6 55. Be3 Rd3 56. Ke2 Rxd5 57. Bxg5+ Kxg5 58. Rxe7 f4 59. Ra7 Rd4 60. Kf3 Rb4 61. Rg7+ Kf6 62. Ra7 Ke5 63. Ra5+ Kd4 64. Kxf4 Kc3+ 65. Ke3 Kb3 66. Kd3 a3 67. Kd2 Rc4 68. Rb5+ Ka2 69. Kd1 Ka1 70. Rb8 a2 71. Kd2 Ra4 72. Kc2 Rc4+ 73. Kd1 Rh4 74. Kd2 Rh2+ 75. Kd1 Rb2 76. Ra8 Kb1 0-1

[Event "GER-ch Net Amateur Gr-B Vor2"]
[Site "Playchess.com INT"]
[Date "2020.04.15"]
[Round "3"]
[White "Weidenhoefer, Max"]
[Black "Schlueter, Sabrina"]
[Result "0-1"]
[WhiteElo "1603"]
[BlackElo "1537"]
[PlyCount "50"]
[EventDate "2020.04.15"]
[EventType "swiss (blitz)"]
[EventRounds "9"]
[EventCountry "GER"]
[SourceTitle "CBM 196 Extra"]
[Source "ChessBase"]
[SourceDate "2020.07.31"]
[SourceVersion "1"]
[SourceVersionDate "2020.07.31"]
[SourceQuality "1"]

1. e4 c6 2. d4 g6 3. Nf3 Bg7 4. Be3 d5 5. e5 Bg4 6. Be2 f6 7. exf6 exf6 8. h3 Bxf3 9. Bxf3 Ne7 10. 0-0 0-0 11. Qe2 Re8 12. Re1 Nf5 13. Qd2 Nd7 14. Nc3 Nb6 15. b3 Nc8 16. Bf4 Ncd6 17. Rxe8+ Nxe8 18. Re1 Qb6 19. Ne2 Bf8 20. Bg4 Nfd6 21. Be6+ Kh8 22. Bh6 Nc7 23. Bxf8 Rxf8 24. Nf4 Ne4 25. Qe3 g5 0-1

[Event "BL2 West 1819 (Women)"]
[Site "Germany"]
[Date "2018.10.27"]
[Round "1.6"]
[White "Stoer, Agnes"]
[Black "Schlueter, Sabrina"]
[Result "0-1"]
[WhiteElo "1893"]
[BlackElo "1762"]
[PlyCount "112"]
[EventDate "2018.10.27"]
[EventType "team-tourn"]
[EventRounds "7"]
[EventCountry "GER"]
[SourceTitle "CBM 190 Extra"]
[Source "ChessBase"]
[SourceDate "2019.07.15"]
[SourceVersion "1"]
[SourceVersionDate "2019.07.15"]
[SourceQuality "1"]
[WhiteTeam "Muelheim Nord (W)"]
[BlackTeam "Kiel Doppelbauer (W)"]
[WhiteTeamCountry "GER"]
[BlackTeamCountry "GER"]

1. Nf3 d5 2. d4 Nf6 3. Bf4 c6 4. Nbd2 Bg4 5. h3 Bh5 6. e3 Nbd7 7. c4 e6 8. a3 Ne4 9. Be2 Nxd2 10. Nxd2 Bxe2 11. Qxe2 Be7 12. 0-0 0-0 13. b4 Nf6 14. Rac1 dxc4 15. Nxc4 Nd5 16. Bg3 Nb6 17. Na5 Qd7 18. Rc2 a6 19. Rfc1 Rac8 20. Nb3 Na4 21. Nd2 Bd6 22. Qg4 f5 23. Qh5 Nb6 24. Bxd6 Qxd6 25. f4 Rf6 26. Qe2 Rg6 27. Nf3 Nd5 28. Ng5 Rf8 29. Nf3 Rff6 30. Kh2 Rh6 31. Ne5 Rh4 32. g3 Rhh6 33. e4 Nxf4 34. gxf4 Rh4 35. Kg3 Rfh6 36. Rh1 a5 37. exf5 Qxd4 38. Ng6 Rxg6+ 39. fxg6 Qxf4+ 40. Kg2 Qg5+ 41. Kh2 Qxg6 42. Rd2 Qf5 43. Rd3 Rf4 44. Kg1 Qg6+ 45. Kh2 Qf6 46. Kg2 Qg5+ 47. Rg3 Qd5+ 48. Kh2 Rd4 49. Qf1 Rd2+ 50. Rg2 Qd6+ 51. Kg1 Rd1 52. Qxd1 Qxd1+ 53. Kh2 Qd6+ 54. Rg3 axb4 55. axb4 Qxb4 56. Rhg1 Qd6 0-1

[Event "BL 1718 (Women)"]
[Site "Germany"]
[Date "2017.12.17"]
[Round "5.5"]
[White "Schlueter, Sabrina"]
[Black "Miturova, Magdalena"]
[Result "0-1"]
[WhiteElo "1767"]
[BlackElo "2188"]
[PlyCount "84"]
[EventDate "2017.10.01"]
[EventType "team-tourn"]
[EventRounds "11"]
[EventCountry "GER"]
[SourceTitle "EXT 2019"]
[Source "ChessBase"]
[SourceDate "2018.10.10"]
[SourceVersion "1"]
[SourceVersionDate "2018.10.10"]
[SourceQuality "1"]
[WhiteTeam "Kiel Doppelbauer (W)"]
[BlackTeam "Rodewisch (W)"]
[WhiteTeamCountry "GER"]
[BlackTeamCountry "GER"]

1. c4 Nf6 2. Nc3 e5 3. g3 d5 4. cxd5 Nxd5 5. Bg2 Nb6 6. Nf3 Nc6 7. 0-0 Be7 8. b3 0-0 9. Bb2 f5 10. d3 Bf6 11. Qc1 a5 12. a3 Be6 13. Qc2 Qe7 14. Rab1 Rad8 15. Nd1 Qf7 16. Bc1 h6 17. Ne3 Nd5 18. Nxd5 Bxd5 19. e3 e4 20. Nd4 Bxd4 21. exd4 Nxd4 22. Qd1 Bxb3 23. Qd2 b6 24. Bb2 Bc2 25. Bxd4 Bxb1 26. Bxg7 Qxg7 27. Rxb1 Rxd3 28. Qf4 Rxa3 29. Bh3 Rf3 30. Qc1 Rd8 31. Qc6 Kh8 32. Qe6 Rd6 33. Qc8+ Qg8 34. Qxc7 Qd8 35. Qc1 a4 36. Qb2+ Kh7 37. Qe5 Rd1+ 38. Rxd1 Qxd1+ 39. Kg2 Qd7 40. Kg1 a3 41. Bf1 a2 42. Be2 Rb3 0-1

[Event "BL 1718 (Women)"]
[Site "Germany"]
[Date "2017.12.16"]
[Round "4.4"]
[White "Schlueter, Sabrina"]
[Black "Kalies, Grit"]
[Result "0-1"]
[WhiteElo "1767"]
[BlackElo "2023"]
[PlyCount "74"]
[EventDate "2017.10.01"]
[EventType "team-tourn"]
[EventRounds "11"]
[EventCountry "GER"]
[SourceTitle "EXT 2019"]
[Source "ChessBase"]
[SourceDate "2018.10.10"]
[SourceVersion "1"]
[SourceVersionDate "2018.10.10"]
[SourceQuality "1"]
[WhiteTeam "Kiel Doppelbauer (W)"]
[BlackTeam "Leipzig Allianz (W)"]
[WhiteTeamCountry "GER"]
[BlackTeamCountry "GER"]

1. c4 c5 2. Nc3 Nf6 3. g3 g6 4. Bg2 Bg7 5. Nf3 Nc6 6. 0-0 0-0 7. d3 d6 8. h3 Rb8 9. e4 a6 10. a4 h6 11. Be3 Kh7 12. Qd2 Ng8 13. Rab1 f5 14. Kh2 e5 15. Nd5 Nge7 16. Ng1 Nd4 17. b4 Nxd5 18. exd5 Bd7 19. b5 axb5 20. axb5 Ra8 21. f4 Qe7 22. fxe5 Qxe5 23. Bf4 Qf6 24. h4 Ra3 25. Rfe1 Rfa8 26. Ne2 Ra2 27. Qd1 Nc2 28. Rf1 g5 29. hxg5 hxg5 30. Bd2 Qh6+ 31. Kg1 Na3 32. Kf2 Nxb1 33. Rh1 Nxd2 34. Rxh6+ Bxh6 35. Nc1 Rb2 36. Ne2 Raa2 37. Nc3 Ne4+ 0-1

[Event "BL 1516 (Women)"]
[Site "Germany"]
[Date "2016.02.27"]
[Round "8.6"]
[White "Schlueter, Sabrina"]
[Black "Nobis, Anna"]
[Result "0-1"]
[WhiteElo "1780"]
[BlackElo "1830"]
[PlyCount "80"]
[EventDate "2015.09.26"]
[EventType "team-tourn"]
[EventRounds "11"]
[EventCountry "GER"]
[SourceTitle "EXT 2017"]
[Source "ChessBase"]
[SourceDate "2016.10.25"]
[SourceVersion "1"]
[SourceVersionDate "2016.10.25"]
[SourceQuality "1"]
[WhiteTeam "Kiel Doppelbauer (W)"]
[BlackTeam "Niederwiesa (W)"]
[WhiteTeamCountry "GER"]
[BlackTeamCountry "GER"]

1. e4 c5 2. Nf3 Nc6 3. Bb5 d6 4. 0-0 g6 5. d4 cxd4 6. Nxd4 Bd7 7. Be3 Bg7 8. Nc3 Nf6 9. f4 Ng4 10. Bxc6 Nxe3 11. Bxd7+ Qxd7 12. Qd3 Nxf1 13. Rxf1 0-0 14. f5 a6 15. Kh1 Rac8 16. Nd5 Qd8 17. c3 Re8 18. fxg6 hxg6 19. Rf3 e6 20. Ne3 Qa5 21. a3 Qb6 22. Nd1 Rc5 23. Qf1 Rc7 24. Nc2 Qc5 25. Nce3 d5 26. Qe1 dxe4 27. Rh3 Qg5 28. Rg3 Qf4 29. Rg4 Qh6 30. Rxe4 Rc5 31. Ng4 Qh7 32. Ne5 Rxe5 33. Rxe5 Bxe5 34. Qxe5 Qh4 35. g3 Qa4 36. Nf2 Qc2 37. Qf6 Qxb2 38. Ng4 Qc1+ 39. Kg2 Qc2+ 40. Kg1 Qd1+ 0-1

[Event "BL 1516 (Women)"]
[Site "Germany"]
[Date "2015.12.05"]
[Round "3.5"]
[White "Schulze, Lara"]
[Black "Schlueter, Sabrina"]
[Result "1-0"]
[WhiteElo "1927"]
[BlackElo "1780"]
[PlyCount "113"]
[EventDate "2015.09.26"]
[EventType "team-tourn"]
[EventRounds "11"]
[EventCountry "GER"]
[SourceTitle "CBM 170 Extra"]
[Source "ChessBase"]
[SourceDate "2016.02.25"]
[SourceVersion "1"]
[SourceVersionDate "2016.02.25"]
[SourceQuality "1"]
[WhiteTeam "Lehrte (W)"]
[BlackTeam "Kiel Doppelbauer (W)"]
[WhiteTeamCountry "GER"]
[BlackTeamCountry "GER"]

1. e4 c6 2. d4 g6 3. Be3 d5 4. exd5 cxd5 5. c4 Nf6 6. Nc3 Bg7 7. Qb3 dxc4 8. Bxc4 0-0 9. Nf3 Nc6 10. Ne5 Nxe5 11. dxe5 Ng4 12. e6 fxe6 13. Bxe6+ Kh8 14. Bxg4 Bxg4 15. 0-0 b6 16. h3 Bf5 17. Rfd1 Qc8 18. Rac1 Qb7 19. Qb4 Rfd8 20. Bd4 e5 21. Be3 Bf8 22. Qb5 Bg7 23. Bg5 Rd4 24. Be3 Bd7 25. Qe2 Rxd1+ 26. Rxd1 Bc6 27. Qg4 Rf8 28. a4 Qf7 29. Rd6 Qb7 30. h4 Qc7 31. Rd2 Rf5 32. Qc4 Qb7 33. Rd8+ Rf8 34. Rxf8+ Bxf8 35. Qe6 Bg7 36. Bg5 Qd7 37. Qc4 h6 38. Be3 Ba8 39. f3 Kh7 40. h5 gxh5 41. Bf2 Bf6 42. Ne4 Bxe4 43. Qxe4+ Kg7 44. Kh2 Qc7 45. Bg3 Qe7 46. Be1 Qc7 47. Bc3 a6 48. Kh1 b5 49. a5 h4 50. Qg4+ Kh7 51. Qe6 Bg7 52. Qxa6 e4 53. Qxb5 exf3 54. Qf5+ Kg8 55. Qxf3 Bxc3 56. Qxc3 Qf4 57. Kg1 1-0

[Event "GER-chT Federal Cup (Women)"]
[Site "Braunfels"]
[Date "2015.06.05"]
[Round "2.4"]
[White "Wagner, Swenja"]
[Black "Schlueter, Sabrina"]
[Result "1-0"]
[WhiteElo "1623"]
[BlackElo "1648"]
[PlyCount "139"]
[EventDate "2015.06.04"]
[EventType "team-swiss"]
[EventRounds "5"]
[EventCountry "GER"]
[SourceTitle "CBM 167 Extra"]
[Source "ChessBase"]
[SourceDate "2015.09.14"]
[SourceVersion "1"]
[SourceVersionDate "2015.09.14"]
[SourceQuality "1"]
[WhiteTeam "Mecklenburg Vorpommern (W)"]
[BlackTeam "Schleswig Holstein (W)"]
[WhiteTeamCountry "GER"]
[BlackTeamCountry "GER"]

1. e4 c6 2. d4 g6 3. Nf3 Bg7 4. Be2 d5 5. e5 f6 6. 0-0 Nh6 7. Re1 0-0 8. Bd3 Bg4 9. Nbd2 Nf7 10. h3 Bxf3 11. Nxf3 f5 12. Ng5 Nxg5 13. Bxg5 Qc7 14. Qd2 e6 15. Bh6 c5 16. c3 Nc6 17. Be3 c4 18. Bc2 Rfc8 19. Bg5 b5 20. a3 a5 21. Rec1 Qb7 22. Rab1 Qa7 23. Ra1 Rab8 24. Bd1 Qb6 25. Rcb1 b4 26. Qc1 Rf8 27. Bd2 b3 28. Bg5 Rb7 29. Be2 Rbf7 30. g3 a4 31. Qd2 Nd8 32. Rf1 Rd7 33. h4 Nf7 34. Bf4 h6 35. Kg2 Qd8 36. Rh1 g5 37. hxg5 Nxg5 38. f3 Kf7 39. Rag1 Rh8 40. Rh5 Kg6 41. Rgh1 Nf7 42. Kf2 Ng5 43. Qc1 Rf7 44. Qg1 Rff8 45. g4 fxg4 46. Qxg4 Qe7 47. Rg1 Rxf4 48. Qxf4 Kxh5 49. Qg4+ Kg6 50. f4 Rf8 51. Ke1 Rf5 52. Qh5+ Kh7 53. fxg5 Rxg5 54. Rxg5 Qxg5 55. Qxg5 hxg5 56. Bg4 Bf8 57. Kd1 Kg7 58. Bxe6 Be7 59. Bxd5 g4 60. Bxc4 g3 61. Ke2 Bg5 62. d5 Bf4 63. e6 Bd6 64. Bb5 Kf6 65. Bxa4 Kg5 66. Kf3 Kh4 67. Kg2 Kg4 68. Bxb3 Kf4 69. Ba2 Ke3 70. b4 1-0